• 首页
  • 本馆介绍
  • 公告通知
  • 最新文献
  • 馆藏检索
  • 电子资源
  • 读者导购
  • 参考咨询
  • 我的图书馆
  • 登录
  • 详细信息显示
  • 放入我的书架
  • 预约/预借图书
  • 作者相关作品
  • 分类相关作品
  • 丛书相关作品
  • 出版社相关作品

书目信息

  • 表格格式
  • 工作单格式
  • 卡片格式
题名:
国家教师资格考试极致真题解析
    
 
作者: ;粉笔教师 编著
分册: 上册   教育知识与能力
出版信息: 北京   新华出版社  2017
页数: 2册(47;140页)
开本: 26cm
丛书名:
单 册:
中图分类: G451.1-44 , G451.1
科图分类:
主题词: 教师--资格考试--题解 , 教学能力--资格考试--题解
电子资源:
ISBN: 978-7-5166-3338-0
000 00802nam0 2200241 450
001 183
005 20180521102705.52
010    @a978-7-5166-3338-0@dCNY19.00
100    @a20180217d2017 em y0chiy50 ea
101 0  @achi
102    @aCN@b110000
105    @ay zq 000yy
200 1  @a国家教师资格考试极致真题解析@9guo jia jiao shi zi ge kao shi ji zhi zhen ti jie xi@h上册@i教育知识与能力@f粉笔教师编著
210    @a北京@c新华出版社@d2017
215    @a2册(47;140页)@d26cm
330    @a本书收录了2013年至2017年教师资格《教育知识与能力》真题,并附有真题解析。
606 0  @a教师@x资格考试@j题解
606 0  @a教学能力@x资格考试@j题解
690    @aG451.1-44@v5
690    @aG451.1@v4
711 02 @a粉笔教师@9fen bi jiao shi@4编著
801  0 @aCN@b91MARC@c20180217
905    @aMuseLib@dG451.1@e183:1
    
    国家教师资格考试极致真题解析.上册.教育知识与能力/粉笔教师编著.-北京:新华出版社,2017
    2册(47;140页);26cm
    
    
    ISBN 978-7-5166-3338-0:CNY19.00
    本书收录了2013年至2017年教师资格《教育知识与能力》真题,并附有真题解析。
●
相关链接 在E读中查询图书 在五车中查询图书 在当当中查询图书 在豆瓣中查询图书


正题名:国家教师资格考试极致真题解析     索取号:G451.1/183:1         预约/预借

序号 登录号 条形码 馆藏地/架位号 状态 备注
1 1101030   211010305   第一样本阅览室/ [索取号:G451.1/183:1] 在馆    
2 1101031   211010314   教育系资料室/ [索取号:G451.1/183:1] 在馆    
3 1101032   211010323   教育系资料室/ [索取号:G451.1/183:1] 在馆    
4 1101033   211010332   教育系资料室/ [索取号:G451.1/183:1] 在馆    
5 1101034   211010341   第四借阅区/ [索取号:G451.1/183:1] 在馆    
6 1101035   211010350   第四借阅区/ [索取号:G451.1/183:1] 在馆    
唐山师范学院图书馆 欢迎您!
大连网信软件有限公司© 版权所有